Alabama Football: Top 10 All-Time Leaders - Statistics

General Stats
  • This quiz has been taken 260 times
    42 since last reset
  • The average score is 21 of 62
Answer Stats
Category # Player Amount % Correct
Passing Yards 6 Mac Jones 6,126
100%
Rushing Yards 2 Derrick Henry 3,591
97%
Receiving Yards 6 Julio Jones 2,653
97%
Passing Yards 4 Tua Tagovailoa 7,442
94%
Passing Yards 2 Bryce Young 8,356
91%
Receiving Yards 1 Devonta Smith 3,965
91%
Tackles 9 Robbie Jones 284
91%
Passing Yards 1 A.J. McCarron 9,019
83%
Rushing Yards 7 Mark Ingram 3,261
74%
Rushing Yards 9 Damien Harris 3,070
69%
Rushing Yards 1 Najee Harris 3,843
69%
Receiving Yards 9 Jaylen Waddle 1,999
66%
Passing Yards 7 Jalen Milroe 6,016
60%
Receiving Yards 5 Jerry Jeudy 2,742
60%
Receiving Yards 2 Amari Cooper 3,463
57%
Sacks 2 Will Anderson Jr. 34.5
57%
Passing Yards 9 Greg McElroy 5,691
51%
Rushing Yards 8 Trent Richardson 3,130
51%
Sacks 9 Tim Williams 21.0
49%
Receiving Yards 4 Calvin Ridley 2,781
46%
Rushing Yards 3 Shaun Alexander 3,565
46%
Rushing Yards 6 T.J. Yeldon 3,322
43%
Sacks 3 Jonathan Allen 28.0
40%
Sacks 1 Derrick Thomas 52.0
37%
Sacks T6 Dallas Turner 22.5
31%
Passing Yards 3 John Parker Wilson 7,924
31%
Passing Yards 5 Brodie Croyle 6,382
29%
Receiving Yards 7 John Metchie III 2,081
29%
Interceptions T9 Kevin Jackson 12
26%
Passing Yards 8 Andrew Zow 5,983
23%
Receiving Yards 3 D.J. Hall 2,923
23%
Passing Yards 10 Jay Barker 5,689
23%
Tackles 3 C.J. Mosley 319
20%
Tackles 8 Cornelius Bennett 287
20%
Rushing Yards 4 Bobby Humphrey 3,420
17%
Sacks 5 Jarret Johnson 23.0
17%
Receiving Yards 8 Ozzie Newsome 2,070
17%
Interceptions T9 Tommy Johnson 12
17%
Tackles 1 Wayne Davis 327
17%
Sacks T6 Eric Curry 22.5
14%
Rushing Yards 10 Johnny Musso 2,741
14%
Interceptions 1 Antonio Langham 19
11%
Tackles 5 DeMeco Ryans 309
11%
Interceptions T5 George Teague 14
11%
Interceptions T2 Harry Gilmer 16
11%
Interceptions T9 Mark Barron 12
11%
Interceptions T5 Robert Lester 14
11%
Interceptions T2 Jeremiah Castille 16
9%
Rushing Yards 5 Kenneth Darby 3,324
9%
Interceptions T9 Simeon Castille 12
9%
Sacks 8 Wallace Gilberry 21.5
9%
Sacks 10 Antwan Odom 20.5
6%
Interceptions T2 John Mangum 16
6%
Interceptions T5 Kermit Kendrick 14
6%
Sacks 4 Kindal Moorehead 25.0
6%
Tackles 6 Roman Harper 307
6%
Interceptions T5 Steve Higginbotham 14
6%
Tackles 2 Tom Boyd 324
6%
Receiving Yards 10 Freddie Milons 1,863
3%
Tackles 7 Marcus Spencer 303
3%
Tackles 10 Saleem Rasheed 280
3%
Tackles 4 Woodrow Love 315
3%
No matching quizzes found
Score Distribution
Percent of People with Each Score
Percentile by Number Answered
Your Score History
You have not taken this quiz since the last reset